Successful grant proposals in science, technology, and medicine A guide to writing the narrative

Պահպանված է:
Մատենագիտական մանրամասներ
Հիմնական հեղինակ: Oster, Sandra
Ձևաչափ: Գիրք
Լեզու:անգլերեն
Հրապարակվել է: Cambridge university press 2019
Ցուցիչներ: Ավելացրեք ցուցիչ
Չկան պիտակներ, Եղեք առաջինը, ով նշում է այս գրառումը!

MARC

LEADER 00000nam a22000007a 4500
008 210712b ||||| |||| 00| 0 eng d
020 |a 9781107659308 
100 |a Oster, Sandra 
245 |a Successful grant proposals in science, technology, and medicine   |b  A guide to writing the narrative  |c Sandra Oster  |g xii,378p 
260 |b Cambridge university press  |c 2019  |h United Kingdom  |i 696416  |i 696417  |l T11.08  |m Technical writing  |m proposal writing for grants 
500 |a It includes index 
942 |a lcc  |c BK  |e Olagoke, M.A  |f 12/07/2021 
952 |0 0  |1 0  |2 lcc  |4 0  |7 0  |9 2757  |a HOL  |b HE  |c QZ  |d 2021-07-12  |o T11.08  |p 2021-6606  |r 2021-07-12 00:00:00  |w 2021-07-12  |y BK 
952 |0 0  |1 0  |2 lcc  |4 0  |7 0  |9 2758  |a HOL  |b HOL  |c QZ  |d 2021-07-12  |o T11.08  |p 2021-6607  |r 2021-07-12 00:00:00  |w 2021-07-12  |y BK 
999 |c 1436  |d 1436